00481nam a2200181Ia 4500008004100000020001500041041000800056082002000064100002100084245003600105260004800141300000800189365001200197440002700209650002500236700002100261700001700282140306s9999 xx 000 0 und d a8176461601 aeng a332.042bSIN/IN aHatti, Neelambar aInternational capital movements aNew DelhibB R Publishing Corporationc2000 a684 bRs.2500 vNew World Order Series aPortfolio investment aRameshwar Tandon aSinger, Hans